000 00907nas a2200241 454500
001 30868
005 20260407193508.0
008 260407s1998####ag###########|||spa#d
003 AR-UNSa-BCEJYS
040 _aAR-UNSa-BCEJYS
_bspa
_cAR-UNSa-BCEJYS
080 _a316.42
_xCambio social en sociedades globales. Desarrollo social. Sociología del desarrollo (Desarrollo Humano)
245 1 0 _aInstituciones y desarrollo
264 1 _aBarcelona :
_bInstituto Internacional de Gobernabilidad
_c1998
310 _aFrecuencia: Irregular
041 _aspa
942 _cSER
590 _aniveau_biblio:s niveau_hierar:1
100 1 _aPrograma de las Naciones Unidas para el Desarrollo (PNUD)
700 1 _aYañez, César
650 _aDesarrollo humano
650 _aGobernabilidad
856 4 1 _uhttps://biblioeco.unsa.edu.ar/pmb/images/revistas/Instituciones y desarrollo-r14877.jpg
_yImagen de portada
_qimage/jpeg
999 _c8699
_d8699